[Event "Madrid-ch Seniors 50"]
[Site "Madrid"]
[Date "2020.01.22"]
[Round "8"]
[White "Campos Calvo, Sotelo Javier"]
[Black "Pastor Alonso de Prado, Emilio Alberto"]
[Result "1/2-1/2"]
[WhiteElo "1908"]
[BlackElo "2074"]
[PlyCount "54"]
[EventDate "2020.01.13"]
[EventType "swiss"]
[EventRounds "9"]
[EventCountry "ESP"]
[SourceTitle "CBM 194 Extra"]
[Source "ChessBase"]
[SourceDate "2020.03.31"]
[SourceVersion "1"]
[SourceVersionDate "2020.03.31"]
[SourceQuality "1"]

1. d4 d5 2. Bg5 h6 3. Bh4 c5 4. dxc5 Qa5+ 5. Nc3 e6 6. e4 Be7 7. Bxe7 Nxe7 8. Bb5+ Bd7 9. Qd3 a6 10. Bxd7+ Nxd7 11. exd5 Nxd5 12. Nge2 Qxc5 13. Nxd5 Qxd5 14. Qxd5 exd5 15. 0-0-0 Nf6 16. Nf4 0-0-0 17. Rhe1 Rd7 18. f3 Kc7 19. Re5 Rhd8 20. h4 Kd6 21. Rf5 Kc6 22. g4 Ne8 23. Nd3 f6 24. Nb4+ Kc5 25. Nd3+ Kc6 26. Nb4+ Kc5 27. Nd3+ Kc6 1/2-1/2

[Event "De los Reyes op 21st"]
[Site "De los Reyes"]
[Date "2019.12.08"]
[Round "9"]
[White "Blanco Martin, Oscar"]
[Black "Campos Calvo, Sotelo Javier"]
[Result "1/2-1/2"]
[WhiteElo "1692"]
[BlackElo "1951"]
[PlyCount "72"]
[EventDate "2019.11.30"]
[EventType "swiss"]
[EventRounds "9"]
[EventCountry "ESP"]
[SourceTitle "CBM 193 Extra"]
[Source "ChessBase"]
[SourceDate "2020.01.31"]
[SourceVersion "1"]
[SourceVersionDate "2020.01.31"]
[SourceQuality "1"]

1. c4 e5 2. g3 g6 3. Bg2 Bg7 4. Nc3 d6 5. b4 Ne7 6. Qb3 0-0 7. e3 c6 8. Nge2 Be6 9. d4 f5 10. Rb1 Nd7 11. a4 Rc8 12. Ba3 b5 13. d5 bxc4 14. Qd1 cxd5 15. Nxd5 Kh8 16. 0-0 Nxd5 17. Bxd5 Bxd5 18. Qxd5 Nf6 19. Qd1 d5 20. Rc1 Rf7 21. Bb2 Qd6 22. b5 Rd7 23. Qc2 Ne4 24. Rfd1 Nc5 25. Ba3 Qe6 26. Bb2 Rdc7 27. Rb1 Nb3 28. Bc3 h6 29. Qb2 Nc5 30. Qc2 Ne4 31. Ba5 Rd7 32. f3 Nc5 33. Kg2 Nb3 34. Rxb3 d4 35. exd4 exd4 36. Nf4 Qe8 1/2-1/2

[Event "De los Reyes op 21st"]
[Site "De los Reyes"]
[Date "2019.12.06"]
[Round "7"]
[White "Boza Moreno, Pedro"]
[Black "Campos Calvo, Sotelo Javier"]
[Result "0-1"]
[WhiteElo "1671"]
[BlackElo "1951"]
[PlyCount "50"]
[EventDate "2019.11.30"]
[EventType "swiss"]
[EventRounds "9"]
[EventCountry "ESP"]
[SourceTitle "CBM 193 Extra"]
[Source "ChessBase"]
[SourceDate "2020.01.31"]
[SourceVersion "1"]
[SourceVersionDate "2020.01.31"]
[SourceQuality "1"]

1. e4 d5 2. exd5 Nf6 3. Nc3 Nxd5 4. Nxd5 Qxd5 5. Nf3 Nc6 6. h3 e5 7. d3 Bc5 8. c3 a5 9. Be2 Bf5 10. Qb3 0-0-0 11. 0-0 Kb8 12. Rd1 Qxb3 13. axb3 e4 14. Ne1 exd3 15. Nxd3 Rhe8 16. Kf1 Bb6 17. Bf4 f6 18. Bg3 Re7 19. Nf4 Rxd1+ 20. Rxd1 Bc2 21. Rd2 Bxb3 22. Bf3 Ne5 23. Be2 Rd7 24. Rxd7 Nxd7 25. Nd5 Bxd5 0-1

[Event "De los Reyes op 21st"]
[Site "De los Reyes"]
[Date "2019.12.03"]
[Round "4"]
[White "Campos Calvo, Sotelo Javier"]
[Black "Savchuk, Olga"]
[Result "1-0"]
[WhiteElo "1951"]
[BlackElo "1611"]
[PlyCount "113"]
[EventDate "2019.11.30"]
[EventType "swiss"]
[EventRounds "9"]
[EventCountry "ESP"]
[SourceTitle "CBM 193 Extra"]
[Source "ChessBase"]
[SourceDate "2020.01.31"]
[SourceVersion "1"]
[SourceVersionDate "2020.01.31"]
[SourceQuality "1"]

1. d4 Nf6 2. g3 e6 3. Bg2 c5 4. Nf3 d5 5. 0-0 Be7 6. c4 0-0 7. cxd5 exd5 8. Nc3 Nc6 9. Bf4 Bg4 10. dxc5 Bxc5 11. Rc1 a6 12. Ne5 Be6 13. Na4 Bd6 14. Nxc6 bxc6 15. Bxd6 Qxd6 16. Qc2 Rac8 17. Nc5 Bg4 18. h3 Bh5 19. Rfe1 Rfe8 20. Nxa6 Ra8 21. Qxc6 Rxa6 22. Qxd6 Rxd6 23. e3 Bg6 24. Red1 Ne4 25. Rd4 f5 26. Bf1 Rb8 27. b4 Be8 28. g4 fxg4 29. hxg4 Rg6 30. f3 Ng5 31. Kf2 Ne6 32. Rxd5 Rxb4 33. Bc4 Kf8 34. Bb3 Rf6 35. Kg3 Rb8 36. g5 Rg6 37. f4 Ke7 38. Re5 Rb5 39. Rxb5 Bxb5 40. Bc2 Kf7 41. Bxg6+ Kxg6 42. e4 Kf7 43. Rb1 Bd3 44. Rb7+ Kf8 45. Kf3 Nc5 46. Rc7 Nxe4 47. Ke3 Bb1 48. Rc1 Bxa2 49. Kxe4 Kf7 50. Rc7+ Kf8 51. Ke5 Bb3 52. f5 h5 53. g6 h4 54. f6 gxf6+ 55. Kxf6 Ke8 56. Re7+ Kd8 57. Rh7 1-0

[Event "De los Reyes op 21st"]
[Site "De los Reyes"]
[Date "2019.11.30"]
[Round "1"]
[White "Campos Calvo, Sotelo Javier"]
[Black "Valle Fernandez De Castro, Luis"]
[Result "1-0"]
[WhiteElo "1951"]
[BlackElo "1174"]
[PlyCount "61"]
[EventDate "2019.11.30"]
[EventType "swiss"]
[EventRounds "9"]
[EventCountry "ESP"]
[SourceTitle "CBM 193 Extra"]
[Source "ChessBase"]
[SourceDate "2020.01.31"]
[SourceVersion "1"]
[SourceVersionDate "2020.01.31"]
[SourceQuality "1"]

1. d4 g6 2. g3 Nf6 3. Bg2 Bg7 4. e4 d6 5. Ne2 Nbd7 6. 0-0 e5 7. Nbc3 0-0 8. h3 b6 9. dxe5 dxe5 10. Be3 Bb7 11. Qd2 Nc5 12. Qxd8 Rfxd8 13. Bxc5 bxc5 14. Rad1 a5 15. b3 Ba6 16. Rfe1 c4 17. Bf3 cxb3 18. axb3 Bh6 19. Nd5 Nxd5 20. exd5 f5 21. Nc3 e4 22. Be2 Bb7 23. Bc4 Kh8 24. Nb5 Rd7 25. d6 c6 26. Nc7 Rad8 27. Ne6 Re8 28. Nc5 Bf8 29. Nxd7 Bg7 30. Nc5 Bc3 31. d7 1-0

[Event "Port de Pollensa op"]
[Site "Port de Pollenca"]
[Date "2019.03.21"]
[Round "4"]
[White "Pons Escanellas, Antonio M"]
[Black "Campos Calvo, Sotelo Javier"]
[Result "0-1"]
[WhiteElo "1331"]
[BlackElo "2048"]
[PlyCount "110"]
[EventDate "2019.03.18"]
[EventType "swiss"]
[EventRounds "7"]
[EventCountry "ESP"]
[SourceTitle "CBM 189 Extra"]
[Source "ChessBase"]
[SourceDate "2019.06.03"]
[SourceVersion "1"]
[SourceVersionDate "2019.06.03"]
[SourceQuality "1"]

1. d4 Nf6 2. c4 e6 3. Nc3 Bb4 4. Bd2 0-0 5. e3 b6 6. Bd3 Bb7 7. Nf3 d6 8. a3 Bxc3 9. Bxc3 Ne4 10. Qc2 f5 11. Nd2 Qh4 12. Nxe4 fxe4 13. Bf1 Nd7 14. g3 Qh5 15. Qe2 Qf5 16. h4 c5 17. Bh3 Qf7 18. 0-0 Rad8 19. h5 h6 20. Qg4 Rde8 21. d5 Nf6 22. dxe6 Qe7 23. Bxf6 Qxf6 24. Qf4 Qxb2 25. Qxd6 Bc8 26. Rab1 Qf6 27. Qf4 Bxe6 28. Qxf6 Rxf6 29. Bxe6+ Rexe6 30. Rfd1 Rd6 31. Kf1 Kf7 32. Ke2 Rfe6 33. Rxd6 Rxd6 34. Rf1 Rd3 35. f3 Rxa3 36. fxe4+ Ke7 37. Kf3 Ra4 38. Rc1 a5 39. Kf4 Ke6 40. g4 Rb4 41. g5 hxg5+ 42. Kxg5 Rb2 43. Kf4 a4 44. Rg1 Kf7 45. Ke5 a3 46. Rf1+ Ke7 47. Rg1 Kf7 48. Rf1+ Kg8 49. Ke6 a2 50. Ra1 b5 51. cxb5 c4 52. Kd5 c3 53. Kd4 c2 54. Kc3 c1Q+ 55. Rxc1 Rb1 0-1

[Event "Tres Cantos op 10th"]
[Site "Tres Cantos"]
[Date "2018.06.29"]
[Round "9.14"]
[White "Campos Calvo, Sotelo Javier"]
[Black "Lopez Heras, Arturo"]
[Result "1-0"]
[WhiteElo "2036"]
[BlackElo "1865"]
[PlyCount "41"]
[EventDate "2018.06.21"]
[EventType "swiss"]
[EventRounds "9"]
[EventCountry "ESP"]
[SourceTitle "EXT 2024"]
[Source "ChessBase"]
[SourceDate "2023.10.10"]
[SourceVersion "1"]
[SourceVersionDate "2023.10.10"]
[SourceQuality "1"]

1. d4 d5 2. g3 e6 3. Bg2 Nf6 4. Nf3 c5 5. 0-0 cxd4 6. Nxd4 Be7 7. c4 0-0 8. cxd5 Nxd5 9. e4 Nb4 10. Nc3 N8c6 11. Nxc6 Nxc6 12. Be3 Qa5 13. Qe2 Bf6 14. Rfd1 Bxc3 15. bxc3 Qxc3 16. Rac1 Qf6 17. Bc5 Rd8 18. e5 Qg6 19. Bxc6 Rxd1+ 20. Rxd1 h5 21. Rd8+ 1-0

[Event "Mondariz Cemar op 2nd"]
[Site "Mondariz"]
[Date "2015.08.23"]
[Round "9"]
[White "Campos Calvo, Sotelo Javier"]
[Black "Lorenzo Duran, Marcos"]
[Result "0-1"]
[WhiteElo "2087"]
[BlackElo "2160"]
[PlyCount "76"]
[EventDate "2015.08.16"]
[EventType "swiss"]
[EventRounds "9"]
[EventCountry "ESP"]
[SourceTitle "EXT 2019"]
[Source "ChessBase"]
[SourceDate "2018.10.10"]
[SourceVersion "1"]
[SourceVersionDate "2018.10.10"]
[SourceQuality "1"]

1. d4 d5 2. Bg5 c6 3. Nf3 Qb6 4. b3 Bf5 5. e3 Nd7 6. Bd3 Bxd3 7. Qxd3 h6 8. Bf4 Ngf6 9. 0-0 e6 10. Ne5 Nxe5 11. Bxe5 Be7 12. c4 0-0 13. Nc3 a5 14. c5 Qd8 15. Na4 Nd7 16. Bg3 b6 17. cxb6 Nxb6 18. Nc5 Nd7 19. Nb7 Qb6 20. Nd6 f5 21. Rfc1 f4 22. Bxf4 Rxf4 23. exf4 Bxd6 24. Re1 Nf8 25. g3 a4 26. Kg2 Be7 27. f5 axb3 28. Qxb3 Qxd4 29. fxe6 Ng6 30. a4 Rf8 31. Qe3 Qg4 32. Kh1 Rf3 33. Qa7 Qh3 34. Ra2 Kh7 35. Qc7 Bc5 36. e7 Nxe7 37. Rc2 Bxf2 38. Qxe7 Bxe1 0-1

[Event "Mondariz Cemar op 2nd"]
[Site "Mondariz"]
[Date "2015.08.22"]
[Round "8"]
[White "Buitron Ramil, David"]
[Black "Campos Calvo, Sotelo Javier"]
[Result "0-1"]
[WhiteElo "1641"]
[BlackElo "2087"]
[PlyCount "64"]
[EventDate "2015.08.16"]
[EventType "swiss"]
[EventRounds "9"]
[EventCountry "ESP"]
[SourceTitle "EXT 2019"]
[Source "ChessBase"]
[SourceDate "2018.10.10"]
[SourceVersion "1"]
[SourceVersionDate "2018.10.10"]
[SourceQuality "1"]

1. e4 e5 2. Nf3 Nc6 3. Bc4 Be7 4. 0-0 Nf6 5. d3 d6 6. Bg5 h6 7. Bxf6 Bxf6 8. c3 0-0 9. Nbd2 Na5 10. b4 Nxc4 11. Nxc4 Bg4 12. Ne3 Bh5 13. Nf5 d5 14. Ng3 Bg6 15. c4 c6 16. Qb3 h5 17. Rfe1 h4 18. Nf1 h3 19. Ng3 hxg2 20. Kxg2 Re8 21. Rh1 Qd7 22. cxd5 cxd5 23. Rae1 Rad8 24. h4 Re6 25. Qa3 Ra6 26. Qc1 Rxa2 27. h5 Rc8 28. Qd1 Rcc2 29. Ref1 Bh7 30. h6 dxe4 31. dxe4 Qxd1 32. Rxd1 Rxf2+ 0-1

[Event "Mondariz Cemar op 2nd"]
[Site "Mondariz"]
[Date "2015.08.21"]
[Round "7"]
[White "Campos Calvo, Sotelo Javier"]
[Black "Gonzalez Eiris, Daniel"]
[Result "1-0"]
[WhiteElo "2087"]
[BlackElo "1833"]
[PlyCount "45"]
[EventDate "2015.08.16"]
[EventType "swiss"]
[EventRounds "9"]
[EventCountry "ESP"]
[SourceTitle "EXT 2019"]
[Source "ChessBase"]
[SourceDate "2018.10.10"]
[SourceVersion "1"]
[SourceVersionDate "2018.10.10"]
[SourceQuality "1"]

1. d4 e6 2. g3 f5 3. Bg2 Nf6 4. Nf3 Be7 5. 0-0 0-0 6. c4 d6 7. Nc3 a5 8. Qc2 Nc6 9. Rd1 Qe8 10. e4 fxe4 11. Nxe4 Qh5 12. Nxf6+ Bxf6 13. Be3 e5 14. dxe5 dxe5 15. Bc5 e4 16. Rd5 Qg4 17. Nd2 e3 18. fxe3 Re8 19. Ne4 Be7 20. Nf2 Qe6 21. Rh5 Qg6 22. Bd5+ Be6 23. Qxg6 1-0

[Event "Mondariz Cemar op 2nd"]
[Site "Mondariz"]
[Date "2015.08.17"]
[Round "2"]
[White "Campos Calvo, Sotelo Javier"]
[Black "Oratovsky, Michael"]
[Result "0-1"]
[WhiteElo "2087"]
[BlackElo "2495"]
[PlyCount "60"]
[EventDate "2015.08.16"]
[EventType "swiss"]
[EventRounds "9"]
[EventCountry "ESP"]
[SourceTitle "EXT 2019"]
[Source "ChessBase"]
[SourceDate "2018.10.10"]
[SourceVersion "1"]
[SourceVersionDate "2018.10.10"]
[SourceQuality "1"]

1. d4 d6 2. g3 g6 3. Bg2 Bg7 4. e4 Nf6 5. Ne2 0-0 6. 0-0 Nbd7 7. Nbc3 e5 8. h3 c6 9. a4 exd4 10. Nxd4 a5 11. Bf4 Nb6 12. Re1 Nh5 13. Bc1 Re8 14. g4 Nf6 15. Bf4 h5 16. g5 Nh7 17. h4 f6 18. Qd3 fxg5 19. hxg5 Nxg5 20. Rad1 Nf7 21. Nde2 g5 22. Bxd6 Nxd6 23. Qxd6 Qxd6 24. Rxd6 Nc4 25. Rg6 g4 26. b3 Ne5 27. Rd6 Nf3+ 28. Bxf3 gxf3 29. Nd4 Be5 30. Rg6+ Kh7 0-1

[Event "Mondariz Cemar op 2nd"]
[Site "Mondariz"]
[Date "2015.08.16"]
[Round "1"]
[White "Romera Carrion, Ruben"]
[Black "Campos Calvo, Sotelo Javier"]
[Result "0-1"]
[WhiteElo "1191"]
[BlackElo "2087"]
[PlyCount "58"]
[EventDate "2015.08.16"]
[EventType "swiss"]
[EventRounds "9"]
[EventCountry "ESP"]
[SourceTitle "EXT 2019"]
[Source "ChessBase"]
[SourceDate "2018.10.10"]
[SourceVersion "1"]
[SourceVersionDate "2018.10.10"]
[SourceQuality "1"]

1. e4 d5 2. exd5 Nf6 3. Nf3 Qxd5 4. Nc3 Qd6 5. Bc4 Nc6 6. 0-0 Bg4 7. d3 e6 8. Be3 Be7 9. Ne4 Nxe4 10. dxe4 Qb4 11. b3 Bf6 12. a3 Qc3 13. Ra2 Rd8 14. Qe1 Qxe1 15. Nxe1 0-0 16. f3 Bh5 17. Nd3 a6 18. Nf4 Bg6 19. Bxe6 fxe6 20. Nxe6 Nd4 21. Bxd4 Bxd4+ 22. Kh1 Bc3 23. Nxf8 Kxf8 24. g3 Rd2 25. Re1 Bf7 26. Re3 Bd4 27. Rd3 Rxd3 28. cxd3 Bxb3 29. Re2 Bd1 0-1

[Event "Galapagar op 10th"]
[Site "Galapagar"]
[Date "2009.07.22"]
[Round "5"]
[White "Campos Calvo, Sotelo Javier"]
[Black "Perez Gonzalez, Jose Manuel"]
[Result "0-1"]
[WhiteElo "2046"]
[BlackElo "2307"]
[PlyCount "92"]
[EventDate "2009.07.18"]
[EventType "swiss"]
[EventRounds "9"]
[EventCountry "ESP"]
[SourceTitle "EXT 2010"]
[Source "ChessBase"]
[SourceDate "2010.11.25"]
[SourceVersion "1"]
[SourceVersionDate "2010.11.25"]
[SourceQuality "1"]

1. d4 Nf6 2. Bg5 c5 3. dxc5 Na6 4. e3 Nxc5 5. Nd2 Nfe4 6. Bf4 Qa5 7. f3 Nxd2 8. Qxd2 Qxd2+ 9. Kxd2 d6 10. Bb5+ Bd7 11. Bxd7+ Kxd7 12. e4 Ne6 13. Be3 g6 14. Ne2 Bg7 15. c3 Rhc8 16. Rac1 Rc4 17. b3 Rc6 18. c4 a5 19. Nc3 Bxc3+ 20. Rxc3 f5 21. exf5 gxf5 22. g4 Rf8 23. h4 fxg4 24. fxg4 Rcc8 25. Rcc1 Nc5 26. Bxc5 Rxc5 27. Rcf1 Rg8 28. Rhg1 b5 29. Rf7 bxc4 30. bxc4 Rxc4 31. Re1 Re8 32. Rg1 h5 33. g5 Rxh4 34. g6 Rg4 35. Rxg4 hxg4 36. Rf4 Rg8 37. Rxg4 Ke6 38. Rg5 a4 39. Ra5 Rxg6 40. Rxa4 Ke5 41. Ra7 e6 42. a4 Kd4 43. Rh7 Rg2+ 44. Kd1 e5 45. Rh3 Ra2 46. Kc1 Rxa4 0-1

[Event "Galapagar op 10th"]
[Site "Galapagar"]
[Date "2009.07.21"]
[Round "4"]
[White "Navarro Martin, Carlos Alberto"]
[Black "Campos Calvo, Sotelo Javier"]
[Result "0-1"]
[WhiteElo "1737"]
[BlackElo "2046"]
[PlyCount "58"]
[EventDate "2009.07.18"]
[EventType "swiss"]
[EventRounds "9"]
[EventCountry "ESP"]
[SourceTitle "EXT 2010"]
[Source "ChessBase"]
[SourceDate "2010.11.25"]
[SourceVersion "1"]
[SourceVersionDate "2010.11.25"]
[SourceQuality "1"]

1. f4 b5 2. Nf3 Bb7 3. e3 a6 4. b3 Nf6 5. Bb2 e6 6. Be2 Be7 7. 0-0 0-0 8. Qe1 c5 9. Nc3 d6 10. Qg3 Ne8 11. Nd1 Bf6 12. d4 Nc6 13. Nf2 g6 14. h4 cxd4 15. exd4 Ng7 16. Ng4 Nh5 17. Nxf6+ Qxf6 18. Qe1 Qxf4 19. Bd3 Qg3 20. Rf2 Nf4 21. Kh1 Ne7 22. Bf1 Nf5 23. Bc1 Bxf3 24. Bxf4 Qxf4 25. Rxf3 Qxd4 26. g3 Rac8 27. c4 Rc5 28. Rd1 Re5 29. Rxd4 Rxe1 0-1

[Event "Galapagar op 10th"]
[Site "Galapagar"]
[Date "2009.07.18"]
[Round "1"]
[White "Campos Calvo, Sotelo Javier"]
[Black "Quesada Ordinas, Jaime"]
[Result "1-0"]
[WhiteElo "2046"]
[BlackElo "1687"]
[PlyCount "89"]
[EventDate "2009.07.18"]
[EventType "swiss"]
[EventRounds "9"]
[EventCountry "ESP"]
[SourceTitle "EXT 2010"]
[Source "ChessBase"]
[SourceDate "2010.11.25"]
[SourceVersion "1"]
[SourceVersionDate "2010.11.25"]
[SourceQuality "1"]

1. d4 f5 2. c4 Nf6 3. Nc3 g6 4. g3 Bg7 5. Bg2 0-0 6. Nh3 d6 7. d5 e5 8. dxe6 Bxe6 9. Bxb7 Nbd7 10. Bd5 Nxd5 11. cxd5 Bf7 12. Ng5 Qe7 13. Nxf7 Rxf7 14. 0-0 Ne5 15. Qc2 Re8 16. Bf4 g5 17. Bxe5 Qxe5 18. e3 a6 19. Qd2 h6 20. Rae1 Qf6 21. f4 Qg6 22. Ne2 Rfe7 23. Nd4 Bxd4 24. Qxd4 Re4 25. Qc3 R8e7 26. Qd2 h5 27. fxg5 Qxg5 28. Rf4 Rh7 29. Rxe4 fxe4 30. Rf1 h4 31. Qf2 Qe7 32. Qf5 hxg3 33. hxg3 Rg7 34. Kg2 Qe5 35. Qxe5 dxe5 36. Rf5 Re7 37. Kf2 Kg7 38. Ke2 Kg6 39. g4 Re8 40. Kd2 Rb8 41. Kc3 Rb6 42. Rxe5 c5 43. Re6+ Rxe6 44. dxe6 Kf6 45. Kc4 1-0

[Event "Pontevedra op 21st"]
[Site "Pontevedra"]
[Date "2008.08.14"]
[Round "5"]
[White "Diaz Nunez, Adolfo"]
[Black "Campos Calvo, Sotelo Javier"]
[Result "1-0"]
[WhiteElo "2251"]
[BlackElo "2125"]
[PlyCount "107"]
[EventDate "2008.08.10"]
[EventType "swiss"]
[EventRounds "9"]
[EventCountry "ESP"]
[SourceTitle "CBM 125 Extra"]
[Source "ChessBase"]
[SourceDate "2008.09.01"]
[SourceVersion "1"]
[SourceVersionDate "2008.09.01"]
[SourceQuality "1"]

1. Nf3 Nf6 2. c4 e6 3. g3 b6 4. Bg2 Bb7 5. 0-0 c5 6. Nc3 d5 7. cxd5 Nxd5 8. d4 cxd4 9. Qxd4 Nc6 10. Qa4 Qd7 11. Rd1 f5 12. Nxd5 exd5 13. Nh4 Ne7 14. Qxd7+ Kxd7 15. Bg5 Ke6 16. Rac1 Rc8 17. Rxc8 Nxc8 18. Nf3 Bc5 19. Bd2 Ne7 20. Bc3 Kf7 21. Ng5+ Kg6 22. Ne6 Rc8 23. Nf4+ Kf7 24. Nxd5 Rd8 25. Ne3 Rxd1+ 26. Nxd1 Bxg2 27. Kxg2 Nd5 28. Bd2 Ke6 29. f3 g6 30. e3 a5 31. Kf2 a4 32. Ke2 b5 33. Kd3 Kd6 34. e4 fxe4+ 35. fxe4 Nb6 36. b3 axb3 37. axb3 Nd7 38. Bf4+ Ne5+ 39. Bxe5+ Kxe5 40. Nc3 b4 41. Nd5 g5 42. Ne3 h5 43. h3 Be7 44. Nf5 Bf8 45. Nd4 Bd6 46. Nf3+ Kf6 47. g4 hxg4 48. hxg4 Bf4 49. Kd4 Ke6 50. e5 Bc1 51. Ke4 Bf4 52. Nd4+ Ke7 53. Kf5 Bd2 54. Nf3 1-0

[Event "Pontevedra op 21st"]
[Site "Pontevedra"]
[Date "2008.08.11"]
[Round "2"]
[White "Campos Calvo, Sotelo Javier"]
[Black "Piasetski, Leon David"]
[Result "0-1"]
[WhiteElo "2125"]
[BlackElo "2314"]
[PlyCount "68"]
[EventDate "2008.08.10"]
[EventType "swiss"]
[EventRounds "9"]
[EventCountry "ESP"]
[SourceTitle "CBM 125 Extra"]
[Source "ChessBase"]
[SourceDate "2008.09.01"]
[SourceVersion "1"]
[SourceVersionDate "2008.09.01"]
[SourceQuality "1"]

1. d4 d6 2. g3 g6 3. Bg2 Bg7 4. e4 Nc6 5. Ne2 e5 6. dxe5 Nxe5 7. 0-0 Nf6 8. Nbc3 0-0 9. h3 Re8 10. f4 Ned7 11. Be3 Nb6 12. b3 Bd7 13. Qd3 Qe7 14. Rae1 Rad8 15. Nd4 c5 16. Ndb5 Bxb5 17. Qxb5 Nh5 18. Ne2 f5 19. e5 dxe5 20. Bxc5 Qc7 21. Bf3 Nf6 22. Bxb6 axb6 23. c4 e4 24. Bg2 Bf8 25. Rd1 Rd3 26. Rxd3 exd3 27. Nc3 Qc5+ 28. Qxc5 Bxc5+ 29. Kh2 Ne4 30. Nd5 Kf7 31. g4 Nf2 32. Bf3 d2 33. Kg2 Re1 34. Nc3 Nxh3 0-1

[Event "Galapagar op 09th"]
[Site "Galapagar"]
[Date "2008.07.21"]
[Round "3"]
[White "Campos Calvo, Sotelo Javier"]
[Black "Roa Alonso, Santiago"]
[Result "0-1"]
[WhiteElo "2125"]
[BlackElo "2465"]
[PlyCount "108"]
[EventDate "2008.07.19"]
[EventType "swiss"]
[EventRounds "9"]
[EventCountry "ESP"]
[SourceTitle "EXT 2009"]
[Source "ChessBase"]
[SourceDate "2008.11.26"]
[SourceVersion "1"]
[SourceVersionDate "2008.11.26"]
[SourceQuality "1"]

1. d4 Nf6 2. g3 e6 3. Bg2 c5 4. Nf3 cxd4 5. 0-0 d5 6. Nxd4 Nc6 7. c4 Be7 8. Nc3 0-0 9. e4 dxc4 10. Nxc6 bxc6 11. Qa4 Qb6 12. Rb1 Ng4 13. h3 Ne5 14. Kh2 Nd3 15. Qxc4 Ba6 16. Qb3 Nc5 17. Qxb6 axb6 18. Rd1 Bd3 19. Ra1 Nb3 20. Bg5 Bxg5 21. axb3 Rxa1 22. Rxa1 e5 23. h4 Be7 24. Ra7 Bc5 25. Rc7 Bxf2 26. Rxc6 h5 27. Bf3 g6 28. Nd5 Ra8 29. Rc3 Bf1 30. Bg2 Bxg2 31. Kxg2 Bd4 32. Rc2 Ra1 33. b4 Kg7 34. Kf3 Rf1+ 35. Kg2 Rd1 36. Nc3 Rd3 37. Ne2 Rb3 38. Nxd4 exd4 39. Rc4 Rxb2+ 40. Kf3 d3 41. e5 Kf8 42. Ke3 Rb3 43. g4 hxg4 44. Rxg4 Ke7 45. Rc4 b5 46. Rd4 Ke6 47. Ke4 d2 48. Rd6+ Ke7 49. Rxd2 Rxb4+ 50. Kd5 Rxh4 51. Ra2 Ra4 52. Rb2 b4 53. Rb3 Ra5+ 54. Ke4 Rb5 0-1

[Event "Galapagar op 09th"]
[Site "Galapagar"]
[Date "2008.07.20"]
[Round "2"]
[White "Tolosana Esteban, Enrique"]
[Black "Campos Calvo, Sotelo Javier"]
[Result "0-1"]
[WhiteElo "1954"]
[BlackElo "2125"]
[PlyCount "112"]
[EventDate "2008.07.19"]
[EventType "swiss"]
[EventRounds "9"]
[EventCountry "ESP"]
[SourceTitle "EXT 2009"]
[Source "ChessBase"]
[SourceDate "2008.11.26"]
[SourceVersion "1"]
[SourceVersionDate "2008.11.26"]
[SourceQuality "1"]

1. e4 d5 2. exd5 Nf6 3. d4 Bg4 4. Nf3 Qxd5 5. Be2 Nc6 6. c4 Qh5 7. Qa4 Qa5+ 8. Qxa5 Nxa5 9. Bd2 Bxf3 10. Bxf3 Nxc4 11. Bxb7 Rb8 12. Bc6+ Kd8 13. b3 Nxd2 14. Nxd2 e6 15. Ke2 Nd5 16. Nc4 f6 17. Rhc1 Nb4 18. Na5 Rb6 19. Ba8 Bd6 20. Nc4 Rb8 21. Nxd6 cxd6 22. Be4 d5 23. Bf3 Kd7 24. a3 Nc6 25. Kd3 Rxb3+ 26. Rc3 Rhb8 27. Bd1 Rxc3+ 28. Kxc3 Kd6 29. Bc2 e5 30. dxe5+ fxe5 31. Bxh7 Nd4 32. Rb1 Rh8 33. Bd3 Rxh2 34. Bf1 Kc6 35. f4 Ne6 36. fxe5 Rh5 37. Re1 Rg5 38. Kb4 Rg4+ 39. Ka5 d4 40. Be2 Rf4 41. Bf3+ Kd7 42. Rd1 Nc5 43. Kb5 Ne6 44. Kc4 g5 45. Rh1 g4 46. Rh7+ Kd8 47. Bc6 Rf2 48. Rd7+ Kc8 49. Kd5 Nc7+ 50. Kd6 Ne8+ 51. Ke7 Ng7 52. Rxd4 Nf5+ 53. Ke6 Nxd4+ 54. Kd5 Nxc6 55. Kxc6 Kb8 56. Kd6 Rxg2 0-1

[Event "Albarino op"]
[Site "Albarino"]
[Date "2006.07.04"]
[Round "2"]
[White "Bernal Moro, Luis Javier"]
[Black "Campos Calvo, Sotelo Javier"]
[Result "1/2-1/2"]
[WhiteElo "2428"]
[BlackElo "2129"]
[PlyCount "49"]
[EventDate "2006.07.03"]
[EventType "swiss"]
[EventRounds "9"]
[EventCountry "ESP"]
[SourceTitle "CBM 113 Extra"]
[Source "ChessBase"]
[SourceDate "2006.09.14"]
[SourceVersion "1"]
[SourceVersionDate "2006.09.14"]
[SourceQuality "1"]

1. d4 Nf6 2. c4 e6 3. Nf3 b6 4. a3 Bb7 5. Nc3 Ne4 6. Nxe4 Bxe4 7. Nd2 Bb7 8. e4 d5 9. cxd5 exd5 10. e5 Be7 11. Bd3 0-0 12. 0-0 Ba6 13. Bxa6 Nxa6 14. Qa4 Qc8 15. Qc6 Rd8 16. Nf3 Qd7 17. Qc2 c5 18. Bg5 Nc7 19. dxc5 bxc5 20. Bxe7 Qxe7 21. b4 cxb4 22. axb4 Nb5 23. Qd3 g6 24. Nd4 Rac8 25. Nxb5 1/2-1/2

[Event "Calvia op Seniors"]
[Site "Calvia"]
[Date "2005.10.25"]
[Round "6"]
[White "Campos Calvo, Sotelo Javier"]
[Black "Kozarcanin, Sead"]
[Result "0-1"]
[WhiteElo "2117"]
[BlackElo "2232"]
[PlyCount "62"]
[EventDate "2005.10.21"]
[EventType "swiss"]
[EventRounds "9"]
[EventCountry "ESP"]
[SourceTitle "EXT 2006"]
[Source "ChessBase"]
[SourceDate "2005.11.24"]
[SourceVersion "1"]
[SourceVersionDate "2005.11.24"]
[SourceQuality "1"]

1. b4 e5 2. a3 a5 3. b5 Bc5 4. e3 Nf6 5. c4 d6 6. Bb2 Qe7 7. Nc3 Nbd7 8. Qc2 0-0 9. h3 Re8 10. Nf3 Nf8 11. Be2 Ng6 12. Na4 Ba7 13. d4 exd4 14. Nxd4 Ne4 15. Bf3 f5 16. 0-0-0 Qf7 17. Bxe4 fxe4 18. b6 Bb8 19. Nb5 Be6 20. Rd4 c6 21. Nxd6 Bxd6 22. Rxd6 Bxc4 23. Nc5 Bd5 24. Rd7 Re7 25. Rxe7 Qxe7 26. Rd1 Nh4 27. Qc3 Nf5 28. Qe5 Qxc5+ 29. Kb1 Qf8 30. g4 Nd6 31. Qg3 Nc4 0-1